| 000 | 00710nam a2200265 a 4500 | ||
|---|---|---|---|
| 005 | 20210219152835.0 | ||
| 008 | 991125n 000 0 spa u | ||
| 035 | _aUPN01000062761 | ||
| 100 | 1 | _aPelechano Barbera, Vicente | |
| 222 | 0 | _aANALISIS Y MODIFICACION DE CONDUCTA | |
| 245 | 0 | 0 | _aActitudes hacia la integración de invidentes y personalidad |
| 260 | _aEspaña | ||
| 300 | _a439-456 | ||
| 362 | 0 | _a1991 Vol. 17, Nos. 53-54 | |
| 653 | 0 | _aCIEGOS | |
| 653 | 0 | _aINTEGRACION SOCIAL | |
| 653 | 0 | _aNIÑO DISCAPACITADO | |
| 653 | 0 | _aPERSONALIDAD | |
| 700 | 1 | _aDe Miguel, A., | |
| 700 | 1 | _ecoaut. | |
| 700 | 1 | _aPeñate, W., | |
| 700 | 1 | _ecoaut. | |
| 904 |
_aAC _b000572 |
||
| 905 | _aArticulo | ||
| 999 |
_c61865 _d61865 |
||